000 00652 a2200193 4500
999 _c8320
_d8320
020 _a0435910159 (pbk.)
050 0 0 _aPR9387.9TAD
100 1 _a
_d1955-
245 1 4 _aThe shadow of Imana :
_btravels in the heart of Rwanda /
_c
264 _aBerkshire:
_bHeinemann,
_c2002
300 _a118 p. ;
440 0 _aAfrican writers series
500 _anovel
650 0 _aGenocide
_xHistory
651 0 _aRwanda
651 0 _aRwanda
942 _2lcc
_cBK
_h9387.9
_iTAD
_kPR